Włochy A-Z - Statystyki

Ogólne statystyki
  • Ten quiz został rozwiązany 3 238 razy
  • Średni wynik to 14 z 24
Statystyki odpowiedzi
Wskazówka Odpowiedź % Poprawnych
B Najwyższa góra w powyższym łańcuchu Mont {Blanc}
97%
A Łańcuch górski na północy kraju Alpy
96%
C Cześć albo do widzenia, po włosku Ciao
96%
F Państwo graniczące Francja
95%
Ł Język ojczysty Starożytnego Rzymu Łacina
90%
R Miasto znane jako "Wieczne Miasto" Rzym
88%
J Klub piłkarski z Turynu Juventus
87%
Ś Morze graniczące z Włochami Morze {Śródziemne}
87%
G Łódź wiosłowa służąca do przemieszczania się po Wenecji Gondola
85%
S Największa wyspa Sycylia
84%
L Kolonia afrykańska w latach 1912-1943 Libia
64%
T Region, którego stolicą jest Florencja Toskania
63%
M Producent sportowych samochodów Maserati
61%
H Heros mitologii rzymskiej, który w IV w. p.n.e. stał się bogiem zwycięstwa Herkules
57%
K Polskie tłumaczenie włoskiego słowa "cucina" Kuchnia
54%
E Włoski odpowiednik imienia "Henryk" Enrico
52%
P Świątynia wybudowna w 126 r. n.e., która istnieje do dzisiaj Panteon
50%
W Czym są Chianti oraz Lambrusco? Winami
46%
I Imię 13 papieży Innocenty
35%
D Najważniejszy kościół w mieście, po włosku Duomo
21%
U Jedno z najstarszych muzeów w Europie Galeria {Uffizi}
13%
O Rodzaj makaronu typowego dla regionów Apulii oraz Basilicaty Orecchiette
6%
Z Makaron w kształcie rurek Ziti
4%
N Ruch artystyczny sprzeciwiający się faszyzmowi Neorealizm
3%
Nie znaleziono quizów pasujących do podanych kryteriów
Rozkład punktacji
Procent ludzi z każdym wynikiem
Percentyl według liczby udzielonych odpowiedzi
Twoja historia wyników
Nie rozwiązałeś tego quizu